Peruvian players in European Big Five (2000-) - Statistics

General Stats
  • This quiz has been taken 37 times
  • The average score is 8 of 31
Answer Stats
Ranking Player Positions Nationality Matches Goals (assists) Periods Clubs % Correct
1 Claudio Pizarro FW 486 189 (58) 2000-2020
97%
4 Jefferson Farfán MF, FW 170 39 (39) 2008-2015
72%
5 Paolo Guerrero FW 161 47 (17) 2004-2012
62%
6 Gianluca Lapadula FW 160 37 (7) 2016-2020, 2023-2025
59%
13 Luis Advíncula DF, MF 30 1 (3) 2012-2013, 2018-2019
55%
7 Renato Tapia DF, MF 144 1 (1) 2020-2025
52%
14 André Carrillo MF, FW 28 1 (2) 2017-2018
48%
8 Carlos Zambrano DF, MF 137 1 (2) 2009-2010, 2012-2016
45%
2 Juan Manuel Vargas DF, MF 256 24 (28) 2006-2016
45%
3 Nolberto Solano MF 243 40 (42) 2000-2008
41%
27 Raúl Fernández GK 2 0 (0) 2011-2012
28%
22 Alexander Callens DF 6 0 (0) 2022-2023
24%
15 Rinaldo Cruzado MF 25 1 (2) 2011-2013
21%
9 Santiago Acasiete DF 88 3 (1) 2007-2011
21%
28 Carlos Ascues DF, MF 1 0 (0) 2015-2016
17%
29 Christian Cueva MF 1 0 (0) 2013-2014
17%
31 Diego Penny GK 1 0 (0) 2009-2010
17%
16 Jean Deza MF, FW 21 1 (0) 2013-2016
17%
10 Miguel Trauco DF, MF 62 2 (4) 2019-2022
17%
19 Cristian Benavente MF, FW 12 0 (1) 2019-2020
14%
21 Luis Abram DF 8 0 (0) 2021-2022
14%
26 Percy Prado DF 3 0 (0) 2019-2020
10%
18 Ysrael Zúñiga FW 15 1 (0) 2000-2001
10%
24 Álvaro Ampuero DF, MF 5 0 (0) 2012-2013
7%
20 Andrés Mendoza FW 11 0 (0) 2005-2006
7%
23 Roberto Silva FW 6 0 (0) 2001-2002
7%
17 Wilmer Aguirre MF, FW 17 2 (0) 2007-2008
7%
12 Juan José Jayo MF 32 0 (0) 2000-2002
3%
11 Miguel Rebosio DF 56 1 (2) 2000-2001, 2003-2004
3%
30 Damián Ísmodes MF 1 0 (0) 2007-2008
0%
25 Manuel Corrales DF 4 0 (0) 2007-2008
0%
No matching quizzes found
Score Distribution
Percent of People with Each Score
Percentile by Number Answered
Your Score History
You have not taken this quiz